Informe anual 1998

Wedi'i Gadw mewn:
Manylion Llyfryddiaeth
Awdur Corfforaethol: Banco Europeo de Inversiones (Awdur)
Fformat: Llyfr
Iaith:Sbaeneg
Cyhoeddwyd: París Banco Europeo de Inversiones 1999
Pynciau:
Tagiau: Ychwanegu Tag
Dim Tagiau, Byddwch y cyntaf i dagio'r cofnod hwn!

MARC

LEADER 00000nam a2200000 a 4500
001 UCP5855
003 CL-VaPUC
008 991001e19990000FR |||||||||||||||||spa|d
082 0 4 |a 337.142  |b BAN  |2 21 
110 2 |a Banco Europeo de Inversiones  |e author  |9 434459 
245 1 0 |a Informe anual 1998 
300 |a 140 p 
942 |c BK 
945 |d 19991001 00:00:00  |a rbrito 
260 |a París  |b Banco Europeo de Inversiones  |c 1999 
600 0 7 |a UNION EUROPEA  |2 CL-VaPUC  |9 320734 
650 7 |a PRESTAMO BANCARIO  |2 CL-VaPUC  |9 423434 
650 0 |a Desarrollo económico  |9 259599 
651 0 |a Europa  |9 255156 
583 |a last modification  |c 19991001 00:00:00  |k Rodrigo Vera 
999 |c 283501  |d 283499 
952 |0 0  |1 0  |4 0  |6 337_142000000000000_BAN_1999  |7 0  |8 A  |9 326733  |a BIBGIM  |b BIBGIM  |d 2019-11-20  |i 3561119  |o 337.142 BAN 1999  |p 3561119  |r 2025-01-15  |w 2019-11-20  |y BK  |k GIM